| 000 | 00373nam a2200145 i 4500 | ||
|---|---|---|---|
| 001 | bgj | ||
| 100 | 1 |
_aGoethe, Johann Wolfgang von _d(1749-1832). |
|
| 245 | 1 | 0 |
_aGedichte : _bin zwei Bänden / _cJohann Wolfgang Goethe. |
| 650 | 9 | _aPoezja niemiecka | |
| 040 | _cBPK | ||
| 041 | _ager | ||
| 080 | _a821.112.2-1 | ||
| 942 | _cKS | ||
| 008 | s gw f |000 0 ger | ||
| 999 |
_c49515 _d49515 |
||
| 856 |
_uhttp://koha.tu.koszalin.pl/cgi-bin/koha/opac-detail.pl?biblionumber=49515 _yKatalog online BPK |
||